[Event "BL2-N9697"]
[Site "Germany"]
[Date "1997.??.??"]
[Round "?.6"]
[White "Juhnke, Karl"]
[Black "Heuer, Thomas"]
[Result "1-0"]
[WhiteElo "2305"]
[BlackElo "2250"]

1.d4 d5 2.c4 c6 3.Nc3 Nf6 4.e3 e6 5.Nf3 Bd6 6.Bd3 O-O 7.O-O Nbd7 8.e4 dxc4
9.Bxc4 e5 10.Bg5 Qe7 11.d5 Nb6 12.Bb3 Bd7 13.Qe2 Rfe8 14.dxc6 Bxc6 15.Nh4 g6
16.Qf3 Kg7 17.Qh3 Nbd7 18.Rad1 h5 19.Nd5 Bxd5 20.Bxd5 Rab8 21.Rd3 Qd8 22.Bxf7 Kxf7
23.Rxd6 Qc7 24.Rfd1 Rbd8 25.Qf3 Re6 26.Rxe6  1-0

[Event "BL2-S9697"]
[Site "Germany"]
[Date "1997.??.??"]
[Round "?.2"]
[White "Panzalovic, Srdjan"]
[Black "Werner, Marc"]
[Result "1/2-1/2"]
[WhiteElo "2420"]
[BlackElo "2360"]

1.Nf3 Nf6 2.c4 c6 3.Nc3 d5 4.e3 e6 5.d4 Nbd7 6.Qc2 Bd6 7.Be2 O-O 8.O-O Re8
9.Rd1 Qe7 10.h3 h6 11.b3 b6 12.e4 Nxe4 13.Nxe4 dxe4 14.Qxe4 Nf6 15.Qh4 Bb7
16.Bb2 Rad8 17.a4 a5 18.Rd3 c5 19.Rad1 cxd4 20.Bxd4 Bc7 21.Bxf6 Qxf6 22.Qxf6 gxf6
23.Rd7 Rxd7 24.Rxd7 Bxf3 25.Bxf3 Be5 26.Bh5 Rf8 27.g4 Kg7 28.Kg2 f5 29.gxf5 exf5
30.Rb7 Bd4 31.f4 Kf6 32.Kf3 Bg1 33.Ke2 Bc5 34.Kf1 Kg7 35.Bf3 Re8 36.Bd5 Re7
37.Rxe7  1/2-1/2

[Event "BL2-S9697"]
[Site "Germany"]
[Date "1997.??.??"]
[Round "?.3"]
[White "Neunhoeffer, Helmut"]
[Black "Huber, Armin"]
[Result "1-0"]
[WhiteElo "2335"]
[BlackElo "2330"]

1.d4 d5 2.c4 e6 3.Nc3 c6 4.e3 Nf6 5.Nf3 Nbd7 6.Qc2 Bd6 7.Bd2 O-O 8.O-O-O b6
9.cxd5 exd5 10.Bd3 c5 11.e4 c4 12.Be2 dxe4 13.Nh4 Re8 14.Nf5 Nf8 15.Nxd6 Qxd6
16.Nb5 Qe7 17.Bf4 Nd5 18.Bd6 Qd7 19.Qxc4 Bb7 20.Bxf8 Rxf8 21.Kb1 Rfc8 22.Qb3 a6
23.Nc3 Nxc3+ 24.bxc3 b5 25.f3 exf3 26.Bxf3 Bxf3 27.gxf3 Qf5+ 28.Kb2 Qxf3
29.d5 Ra7 30.Rhe1 Rd7 31.Rd2 g6 32.Red1 Rd6 33.Qb4 Rcd8 34.Qc5 Qe4 35.Rd4 Qf5
36.R1d2 Qd7 37.R4d3 Rc8 38.Qe3 a5 39.Rd4 Re8 40.Qf4 Qe7 41.Qg3 Kg7 42.Qd3 Qd7
43.Qg3 h6 44.h4 h5 45.Kc2 Qc7 46.Kb2 Qc5 47.Qf4 Rf6 48.Qg3 Rd6 49.Qf4 Re7
50.Qg3 a4 51.Qd3 Re5 52.Rd1 Qc7 53.Rd2 Qd7 54.Rd1 Kf8 55.Rd2 Kg8 56.Rd1 Qe8
57.Rd2 Re3 58.Qf1 Kg7 59.Qf4 Rf6 60.Qc7 Re7 61.Qc5 Rf5 62.Qb4 Re2 63.Rd3 Kg8
64.Qd4 Re4 65.Qb6 Qd7 66.d6 Kg7 67.Rd4 Re8 68.Qc7 Qxc7 69.dxc7 Rc8 70.Rd7 Kf6
71.R2d6+ Ke5 72.Rc6 a3+ 73.Kb3 Rf4 74.Rd8 Rc4 75.Rxc8 Rxc6 76.Re8+ Kf5  1-0

[Event "BL2-S9697"]
[Site "Germany"]
[Date "1997.??.??"]
[Round "?.3"]
[White "Roth, Juergen"]
[Black "Werner, Marc"]
[Result "0-1"]
[WhiteElo "2240"]
[BlackElo "2360"]

1.d4 d5 2.c4 c6 3.Nf3 Nf6 4.e3 e6 5.Nc3 Nbd7 6.Bd3 dxc4 7.Bxc4 b5 8.Bb3 Bb7
9.a3 a6 10.O-O c5 11.Qe2 Bd6 12.Rd1 Qc7 13.e4 cxd4 14.Nxd4 Bxh2+ 15.Kh1 Nc5
16.g3 Bxg3 17.fxg3 Nfxe4 18.Nxe4 Nxe4 19.Kg1 Qxg3+ 20.Kf1 Qh4 21.Qe3 Rd8
22.Rd3 O-O 23.Bc2 Rd5 24.Ne2 Rf5+ 25.Kg1  0-1

[Event "Oberliga Nord N9697"]
[Site "Germany"]
[Date "1997.??.??"]
[Round "?"]
[White "Stern, Rene"]
[Black "Lamprecht, Frank"]
[Result "1/2-1/2"]
[WhiteElo "2445"]
[BlackElo "2400"]

1.d4 d5 2.c4 e6 3.Nc3 c6 4.Nf3 Nf6 5.e3 Nbd7 6.Qc2 Bd6 7.Be2 O-O 8.O-O Re8
9.Rd1 Qe7 10.h3 b6 11.e4 dxe4 12.Nxe4 Nxe4 13.Qxe4 Bb7 14.Bf4 Bxf4 15.Qxf4 e5
16.Nxe5 Nxe5 17.dxe5 Qxe5 18.Qxe5 Rxe5 19.Bf3 Rae8 20.Rd7 R8e7 21.Rd8+ Re8
22.Rd7 R8e7 23.Rd8+ Re8 24.Rad1 Kf8 25.b4 Re1+ 26.Kh2 Rxd1 27.Rxd1 Ke7 28.Kg3 Rd8
29.Re1+ Kf6 30.Rc1 Ke7 31.Rc3 Rd7 32.c5 b5 33.Ra3 a6 34.Re3+ Kd8 35.Be4 h6
36.a3 Re7 37.h4 Kc7 38.Kf4 Bc8 39.Rg3 f6 40.h5 Bd7 41.Rd3 Re5 42.Bf3 a5 43.Rd1 a4
44.Rd3 Rf5+ 45.Kg3 Rg5+ 46.Kf4 Rf5+ 47.Ke3 Re5+ 48.Kd2 Be8 49.Rd6 Bd7 50.Rd4 Re7
51.Be2 Be8 52.Rh4 Re5 53.Bf3 Bd7 54.Be2 Be8 55.Ke1 Bf7 56.Kf1 Bd5 57.Rg4 Rg5
58.Rxg5 fxg5 59.Bg4 Kd8 60.Ke2 Ke7 61.g3 Kf6 62.Ke3 Ke5 63.Be2 Be6 64.Bf1 Bd7
65.Bg2 Be8 66.Be4 Bd7 67.Bg6 Kd5 68.Bf7+  1/2-1/2

[Event "Oberliga Nord N9697"]
[Site "Germany"]
[Date "1997.??.??"]
[Round "?"]
[White "Stern, Rene"]
[Black "Kittler, Thorsten"]
[Result "1/2-1/2"]
[WhiteElo "2445"]
[BlackElo "2225"]

1.d4 d5 2.c4 e6 3.Nc3 c6 4.Nf3 Nf6 5.e3 Bd6 6.Qc2 Nbd7 7.Bd3 O-O 8.O-O Re8
9.Rd1 Qe7 10.e4 dxe4 11.Nxe4 Nxe4 12.Bxe4 h6 13.b3 Nf6 14.c5 Bc7 15.Re1 Rd8
16.Bd3 Nd5 17.Bd2 a5 18.a3 Bd7 19.Rad1 Be8 20.Ne5 b6 21.cxb6 Bxb6 22.Nc4 Bc7
23.Bc1 Rdb8 24.Ne5 Bd6 25.Nc4 Bc7 26.Be4 Ra7 27.Ne5 Qd6 28.Rd3 f6 29.Rg3 fxe5
30.dxe5 Qf8 31.Bxh6 Bb6 32.Bg5 Qc5 33.Qd2 Rf7 34.Rf1 Qd4 35.Qe1 Bc7 36.Rh3 g6
37.Bxd5 cxd5 38.Bf6 Rxf6 39.exf6 Qxf6 40.Qc1 Qf4 41.Qc2 Bd6 42.Rd1 a4 43.bxa4 Qxa4
44.Qe2 Bf7 45.Rf3 Rb2 46.Qe1 Rb3 47.Rxb3 Qxb3 48.h4 Qxa3 49.Ra1 Qb2 50.g3 Bc5
51.Kg2 Kg7 52.Rb1 Qf6 53.f4 Bd4 54.Rb8 Qe7 55.Qb1 Qc7 56.Rb7 Qc4 57.Qd1 Bf6
58.h5 Qe4+ 59.Kh2 gxh5 60.Qxh5 Qc2+ 61.Kh3 Qg6 62.Qe2 e5 63.fxe5 Qf5+ 64.Qg4+ Qxg4+
65.Kxg4 Bxe5 66.Kf3 Kf6 67.g4 Bg6 68.Rb4 Kg5 69.Ke3 Bc2 70.Rb5 Be4 71.Rb4 Bg6
72.Ra4 Be8 73.Ra8 Bg6 74.Ra4 Bc2 75.Rb4 Bg6 76.Ra4  1/2-1/2

[Event "Bundesliga 9798"]
[Site "Germany"]
[Date "1997.??.??"]
[Round "?.2"]
[White "Schlosser, Philipp"]
[Black "Siegel, Georg"]
[Result "0-1"]
[WhiteElo "2550"]
[BlackElo "2540"]

1.Nf3 d5 2.d4 Nf6 3.c4 e6 4.Nc3 c6 5.e3 Nbd7 6.Qc2 Bd6 7.b3 O-O 8.Be2 e5
9.cxd5 cxd5 10.dxe5 Nxe5 11.Bb2 Nxf3+ 12.Bxf3 d4 13.exd4 Re8+ 14.Ne2 Ng4
15.h3 Nh2 16.Be4 Qh4 17.Bd3 Ng4 18.Bxh7+ Kh8 19.O-O-O Nxf2 20.Bd3 Qg5+ 21.Kb1 Nxd3
22.Rxd3 Bf5  0-1

[Event "Landesliga Nord 9697 Bayern"]
[Site "Germany"]
[Date "1997.??.??"]
[Round "?"]
[White "Goetz, Andreas"]
[Black "Fischer, Franz"]
[Result "1-0"]
[WhiteElo "2075"]
[BlackElo "2000"]

1.Nf3 d5 2.d4 Nf6 3.c4 e6 4.Nc3 c6 5.e3 Nbd7 6.a4 Bb4 7.Bd3 dxc4 8.Bxc4 Ne4
9.Qc2 Qa5 10.Qxe4 Bxc3+ 11.Ke2 Nf6 12.Qc2 Bb4 13.Bd2 Bxd2 14.Qxd2 Qh5 15.h3 Ne4
16.Qb4 a5 17.Qa3 b6 18.g4 Qh6 19.Bd3 Ba6 20.Bxa6  1-0

[Event "Landesliga Sued 9697 Bayern"]
[Site "Germany"]
[Date "1997.??.??"]
[Round "?"]
[White "Kieffer, Joachim"]
[Black "Scheckenbach, Franz"]
[Result "1-0"]
[WhiteElo "2110"]
[BlackElo "2170"]

1.d4 d5 2.c4 c6 3.Nc3 Nf6 4.e3 e6 5.Nf3 Bd6 6.Qc2 O-O 7.Bd2 Nbd7 8.Be2 Re8
9.O-O b6 10.e4 dxe4 11.Nxe4 Nxe4 12.Qxe4 Bb7 13.Rad1 f5 14.Qc2 c5 15.dxc5 bxc5
16.Bc3 Bc7 17.Qa4 Re7 18.Be5 Qc8 19.Bd6 Bxd6 20.Rxd6 Nb6 21.Qc2 e5 22.Rfd1 e4
23.Ng5 Qe8 24.h4 h6 25.Nh3 Rd7 26.Nf4 Rxd6 27.Rxd6 Rd8 28.Qd2 Rd7 29.Bh5 Qd8
30.Rxd7 Qxd7 31.Qxd7 Nxd7 32.Ne6 Ne5 33.Nxc5 Bc6 34.Be2 Kf7 35.Kf1 Ke7 36.Ke1 Kd6
37.b4 a5 38.a3 axb4 39.axb4 g5 40.hxg5 hxg5 41.g3 f4 42.gxf4 gxf4 43.Kd2 f3
44.Bf1 Ng4 45.Ke1 e3 46.fxe3 Nxe3 47.Bd3 Ng4 48.Na6 Ke5 49.b5 Ba8 50.Kd2 Kd4
51.Nb4 Ne5 52.Nc2+ Kc5 53.Kc3 f2 54.Bf1 Be4 55.Nb4 Bg6 56.Na6+ Kb6 57.c5+ Ka5
58.Nb4 Be8 59.b6 Nc6 60.Nd3 Nd8 61.Nxf2 Bc6 62.Nd3 Ne6 63.Kc4 Ka6 64.Nb4+ Kb7
65.Nxc6 Kxc6 66.Bg2+ Kd7 67.Bh3  1-0

[Event "Landesliga Sued 9697 Bayern"]
[Site "Germany"]
[Date "1997.??.??"]
[Round "?"]
[White "Goetz, Ralph"]
[Black "Schneider, Richard"]
[Result "1/2-1/2"]
[WhiteElo "2260"]
[BlackElo "2200"]

1.d4 d5 2.c4 c6 3.Nf3 Nf6 4.Nc3 e6 5.e3 Nbd7 6.Qc2 Bd6 7.Bd3 O-O 8.O-O Re8
9.Rd1 Qe7 10.c5 Bc7 11.e4 dxe4 12.Nxe4 Nxe4 13.Bxe4 h6 14.Bd2 Nf6 15.Bd3 Nd5
16.Re1 Bd7 17.Bc4 Qf8 18.Rac1 b6 19.cxb6 Bxb6 20.Ne5 Red8 21.Qe4 Be8 22.Nf3 c5
23.dxc5 Qxc5 24.Qh4 Qe7 25.Qe4 Nf6 26.Qh4 Nd5 27.Qe4 Nf6  1/2-1/2

[Event "BL2-W9697"]
[Site "Germany"]
[Date "1997.??.??"]
[Round "?.5"]
[White "Wisskirchen, Andreas"]
[Black "Lehmann, Holger"]
[Result "1-0"]
[WhiteElo "2290"]
[BlackElo "2175"]

1.Nf3 d5 2.d4 c6 3.c4 e6 4.e3 Nf6 5.Nc3 Nbd7 6.Qc2 a6 7.b3 Bd6 8.Be2 O-O
9.O-O b5 10.e4 dxe4 11.Nxe4 Nxe4 12.Qxe4 Bb7 13.Rd1 Re8 14.Bg5 Qc7 15.c5 Be7
16.Bd3 Nf8 17.Bf4 Qc8 18.h4 a5 19.h5 b4 20.Ng5 Bxg5 21.Bxg5 f6 22.Bf4 Ba6
23.Bc2 Bb5 24.Bd6 f5 25.Qe3 Nd7 26.Re1 Nf6 27.Qg5 Nd5 28.Re5 Ra7 29.Rae1 Rf7
30.Bxf5 Rxf5 31.Qxf5 Rf8 32.Qxf8+ Qxf8 33.Bxf8 Kxf8 34.Rxe6 Nc3 35.R1e3 Nxa2
36.Rf3+  1-0

[Event "BL2-W9697"]
[Site "Germany"]
[Date "1997.??.??"]
[Round "?.3"]
[White "Levin, Felix"]
[Black "Sygulski, Artur"]
[Result "1/2-1/2"]
[WhiteElo "2485"]
[BlackElo "2375"]

1.d4 d5 2.c4 c6 3.Nf3 Nf6 4.Nc3 e6 5.e3 Nbd7 6.Qc2 Bd6 7.Bd3 O-O 8.O-O dxc4
9.Bxc4 e5 10.h3 Qe7 11.Bb3 b6 12.Rd1 Bb8 13.Nh4 e4 14.Nf5 Qe8 15.f3 g6 16.Nh6+ Kg7
17.Nxf7 exf3 18.Ng5 f2+ 19.Qxf2 Nd5 20.Qh4 h6 21.Nf3 g5 22.Nxg5 Qg6 23.Nge4 N7f6
24.Nxf6 Nxf6 25.e4 Bg3 26.Bxh6+ Kh7 27.Qg5 Qxh6 28.Qxg3 Ba6 29.h4 Rg8 30.Bxg8+ Rxg8
31.Qf2 Ng4 32.Qf5+ Kh8 33.Re1 Bc8 34.Qf3 Qd6 35.g3 Rf8 36.Qd3 Ne5 37.Qe2 Nf3+
38.Kg2 Nxd4 39.Qe3 Rf3 40.Qxf3 Nxf3 41.Kxf3 Qd4 42.e5 Kg7 43.e6 Kf8 44.e7+ Ke8
45.h5 b5 46.Re4 Qd2 47.Ne2 Qxb2  1/2-1/2

[Event "BL2-S9697"]
[Site "Germany"]
[Date "1997.??.??"]
[Round "?.7"]
[White "Schimpf, Markus"]
[Black "Rabl, Joerg Stefan"]
[Result "1-0"]
[WhiteElo "2240"]
[BlackElo "2220"]

1.d4 d5 2.c4 c6 3.Nf3 Nf6 4.Nc3 e6 5.e3 Nbd7 6.Qc2 Bd6 7.Be2 O-O 8.O-O dxc4
9.Bxc4 e5 10.Rd1 Qe7 11.Bb3 h6 12.Nh4 Qd8 13.Qg6 Kh8 14.Bxf7 Qe7 15.Bb3 Qe8
16.Qxe8 Rxe8 17.Bf7 exd4 18.Bxe8 Nxe8 19.Rxd4 Nb6 20.h3 g5 21.Nf3 Bf5 22.b3 Kh7
23.Bb2 Bc5 24.Rd2 Ng7 25.Rad1 Re8 26.Rd8 Re7 27.R8d2 g4 28.hxg4 Bxg4 29.Re1 Nf5
30.Nh2 h5 31.Nxg4 hxg4 32.e4 g3 33.Nd1 Nh6 34.Ree2 Ng4 35.Bd4 Bb4 36.Rd3 gxf2+
37.Nxf2 Ne5 38.Rh3+ Kg6 39.Ree3 Bd2 40.Reg3+ Kf7 41.Rh7+  1-0

[Event "BL2-S9697"]
[Site "Germany"]
[Date "1997.??.??"]
[Round "?.5"]
[White "Doettling, Fabian"]
[Black "Mokosch, Andreas"]
[Result "1-0"]
[WhiteElo "2310"]
[BlackElo "2185"]

1.d4 d5 2.c4 c6 3.Nf3 e6 4.e3 Nf6 5.Nc3 Nbd7 6.Qc2 Bd6 7.Be2 O-O 8.O-O Re8
9.b3 Qe7 10.Bb2 dxc4 11.bxc4 e5 12.Rfe1 e4 13.Nd2 Nf8 14.a4 Bf5 15.Qb3 Rad8
16.Ba3 Bxa3 17.Qxa3 Qxa3 18.Rxa3 c5 19.d5 Re7 20.a5 Ne8 21.Rb1 Nd6 22.Nb5 Nc8
23.Nb3 Nd7 24.Ra2 a6 25.Nc3 Nd6 26.Na4 Rc8 27.Nb6 Nxb6 28.axb6 Ree8 29.Ra5 g5
30.Rc1 Bd7 31.Nxc5 Bf5 32.Nb3 Re5 33.Raa1 Ne8 34.Na5 Rb8 35.c5 Rxd5 36.c6 Rd2
37.c7 Ra8 38.Kf1 Bc8 39.Rd1 Rb2 40.Rd8 Kf8 41.Nc4  1-0

[Event "Oberliga Ost A9798"]
[Site "Germany"]
[Date "1997.??.??"]
[Round "?.1"]
[White "Spiess, Gunter"]
[Black "Matthey, Harald"]
[Result "1/2-1/2"]
[WhiteElo "2400"]
[BlackElo "2305"]

1.d4 d5 2.c4 c6 3.Nf3 Nf6 4.Nc3 e6 5.e3 a6 6.a3 Nbd7 7.Bd3 dxc4 8.Bxc4 b5
9.Ba2 Bb7 10.O-O c5 11.Qe2 b4 12.axb4 cxb4 13.Nb1 Qa5 14.Nbd2 b3 15.Nxb3 Qh5
16.Nbd2 Bd6 17.Re1 O-O 18.Nf1 Rfc8 19.N3d2 Qxe2 20.Rxe2 Nb6 21.e4 Bb4 22.f3 a5
23.Ne3 Ba6 24.Rf2 Bd3 25.g4 a4 26.e5 Nfd5 27.Nxd5 exd5 28.Nf1 a3 29.bxa3 Bxa3
30.Bxa3 Rxa3 31.Ne3 Bc4 32.Nxc4 Nxc4  1/2-1/2

[Event "Oberliga Nord O9798"]
[Site "Germany"]
[Date "1997.??.??"]
[Round "?"]
[White "Maksimenko, Andrei"]
[Black "Bagirov, Vladimir"]
[Result "1/2-1/2"]
[WhiteElo "2515"]
[BlackElo "2495"]

1.d4 d5 2.c4 c6 3.Nf3 Nf6 4.Nc3 e6 5.e3 Nbd7 6.Bd3 dxc4 7.Bxc4 b5 8.Be2 a6
9.e4 b4 10.e5 bxc3 11.exf6 Nxf6 12.bxc3 Bd6 13.Nd2 O-O 14.Nc4 Be7 15.Ne5 Bd7  1/2-1/2

[Event "NRW-Liga 9798"]
[Site "Germany"]
[Date "1997.??.??"]
[Round "1.1"]
[White "Teloeken, Andreas"]
[Black "Kishnev, Sergey"]
[Result "0-1"]
[WhiteElo "2165"]
[BlackElo "2500"]

1.Nf3 d5 2.d4 Nf6 3.c4 e6 4.Nc3 c6 5.e3 Nbd7 6.Qc2 Bd6 7.a3 O-O 8.Be2 e5
9.cxd5 cxd5 10.Nb5 Bb8 11.dxe5 Nxe5 12.Bd2 Ne4 13.Bb4 Re8 14.a4 a5 15.Ba3 Ng4
16.Rf1 Ra6 17.Nbd4 Rh6 18.Bb5 Bd7 19.O-O-O Bxb5 20.axb5 Qd7 21.Kb1 Nxh2 22.Nxh2 Rxh2
23.Rg1 Ba7 24.Nf3 Rh6 25.Rh1 Rxh1 26.Rxh1 Qxb5  0-1

[Event "NRW-Liga 9798"]
[Site "Germany"]
[Date "1997.??.??"]
[Round "1.6"]
[White "Jajonek, Roland"]
[Black "Novak, Petr"]
[Result "0-1"]
[WhiteElo "2275"]
[BlackElo "2185"]

1.d4 d5 2.c4 c6 3.Nf3 Nf6 4.Nc3 e6 5.e3 Nbd7 6.Qc2 Bd6 7.b3 Qe7 8.Bb2 O-O
9.Bd3 b6 10.O-O Bb7 11.Rfe1 Rac8 12.Qe2 dxc4 13.bxc4 c5 14.e4 cxd4 15.Nxd4 Ne5
16.Nf3 Nxd3 17.Qxd3 Rfd8 18.Qe2 Bb4 19.e5 Bxc3 20.Bxc3 Ne4 21.Rac1 Nxc3 22.Rxc3 Qb4
23.Rec1 Rc5 24.Rd3 Rf8 25.Rd4 Ba6 26.Qd3 h6 27.Rh4 Rfc8 28.Qb3 Qa5 29.h3 b5
30.Rg4 bxc4 31.Qe3 Kh7 32.Ng5+ Kg8 33.Nf3 Kf8 34.Rc3 Bb7 35.Nd2 Rxe5 36.Qg3 Rg5
37.Rxg5 Qxg5 38.Qxg5 hxg5 39.Rxc4 Rxc4 40.Nxc4 Bd5 41.Nd6 Bxa2  0-1

[Event "BL2-N9798"]
[Site "Germany"]
[Date "1997.??.??"]
[Round "2.3"]
[White "Plueg, Andreas"]
[Black "Borik, Otto"]
[Result "1/2-1/2"]
[WhiteElo "2375"]
[BlackElo "2405"]

1.d4 d5 2.Nf3 e6 3.c4 c6 4.e3 Nf6 5.Nc3 Nbd7 6.Bd3 a6 7.a4 Bd6 8.O-O O-O
9.cxd5 exd5 10.Qc2 Re8 11.h3 Qe7 12.Nd2 c5 13.a5 g6 14.Rd1 Nb8 15.dxc5 Bxc5
16.Na4 Ba7 17.b3 Nc6 18.Ba3 Qd8 19.Nb6 Bxb6 20.axb6 Qxb6 21.Bc5 Qd8 22.Nf3 Nd7
23.Ba3 Nde5 24.Nxe5 Nxe5 25.Bb2 Qe7 26.Qc3 f6 27.Bb1 Be6 28.Ra4 Rac8 29.Qd4 Bf7
30.Qf4 Rc6 31.Rad4 Rb6 32.Ba2 Kg7 33.Qg3 Rc8 34.R1d2 Nc6  1/2-1/2

[Event "NRW-Liga 9798"]
[Site "Germany"]
[Date "1997.??.??"]
[Round "3.4"]
[White "Wengenroth, Walter"]
[Black "Peschel, Andreas"]
[Result "1/2-1/2"]
[WhiteElo "2140"]
[BlackElo "2105"]

1.Nf3 d5 2.d4 e6 3.c4 c6 4.e3 Nf6 5.Nc3 Bd6 6.Qc2 O-O 7.Bd3 Nbd7 8.O-O dxc4
9.Bxc4 b5 10.Bd3 Bb7 11.Bd2 a6 12.Ng5 h6 13.Nge4 Be7 14.Nxf6+ Nxf6 15.Ne4 Nd7
16.b4 e5 17.Nc5 Nxc5 18.dxc5 Qc7 19.a4 Rad8 20.Bc3 Bc8 21.f4 Bf6 22.Be4 Be6
23.axb5 axb5 24.Qb2 Bc4 25.Rfd1 Rxd1+ 26.Rxd1 Rd8 27.Re1 Bd5 28.Bxd5 Rxd5
29.e4 Rd8 30.fxe5 Bg5 31.g3 Qd7  1/2-1/2

[Event "Ruhr-ch Seniors 4th"]
[Site "Germany"]
[Date "1997.??.??"]
[Round "3"]
[White "Mueller, H."]
[Black "Veksler, Aleksander L"]
[Result "0-1"]
[WhiteElo "2080"]
[BlackElo "1690"]

1.d4 Nf6 2.Nf3 e6 3.c4 d5 4.e3 c6 5.Nc3 Nbd7 6.Qc2 Be7 7.b3 O-O 8.Bd3 Re8
9.Bb2 Qa5 10.O-O Ba3 11.Bxa3 Qxa3 12.e4 dxe4 13.Nxe4 Nxe4 14.Bxe4 Nf6 15.Rfe1 Bd7
16.Ne5 Rad8 17.Rad1 Bc8 18.c5 Qb4 19.Nc4 Rxd4 20.Nd6 Rxd1 21.Rxd1 Rf8 22.Bf3 Nd5
23.g3 Qc3 24.Qxc3 Nxc3 25.Rd2 Nd5 26.a3 g6 27.b4 Kg7 28.b5 f5 29.a4 Kf6 30.Bxd5 exd5
31.Re2 Bd7 32.Rc2 Rb8 33.f4 Ke7 34.Re2+ Be6 35.Rb2 Kd7 36.b6 axb6 37.Rxb6 Kc7
38.Kf2 Bc8 39.Ne8+ Kd8 40.Nd6 Kd7 41.Ke3 Ra8 42.Nxb7 Rxa4 43.Nd6 d4+ 44.Kd2 Ba6
45.Rb2 Ke6 46.Ne8 Kd5 47.Nf6+ Kxc5 48.Nxh7 Kd5 49.Nf8 c5 50.Nd7 Ra1 51.Rb6 Ra2+
52.Kc1 Be2 53.Rxg6 d3 54.Nb6+ Kd4 55.Rd6+ Ke4 56.Nc4 Rc2+  0-1

[Event "NRW-Liga I 9697"]
[Site "Germany"]
[Date "1997.??.??"]
[Round "9.2"]
[White "Siebrecht, Sebastian"]
[Black "Teloeken, Andreas"]
[Result "1-0"]
[WhiteElo "2380"]
[BlackElo "2150"]

1.d4 d5 2.Nf3 Nf6 3.c4 c6 4.Nc3 e6 5.e3 Nbd7 6.Bd3 Bd6 7.O-O O-O 8.Qc2 dxc4
9.Bxc4 Qe7 10.a3 e5 11.Bd3 h6 12.dxe5 Nxe5 13.Nxe5 Bxe5 14.f4 Bxc3 15.Qxc3 Re8
16.b4 a5 17.bxa5 Nd5 18.Qd4 Rxa5 19.e4 Nf6 20.Bb2 Rd8 21.Qe3 Rad5 22.Bxf6  1-0

[Event "Dov Porath mem"]
[Site "Givatayim"]
[Date "1997.??.??"]
[Round "1"]
[White "Kogan, Artur"]
[Black "Kundin, Alexander"]
[Result "1-0"]
[WhiteElo "2515"]
[BlackElo "2260"]

1.d4 d5 2.c4 c6 3.Nf3 Nf6 4.Nc3 e6 5.e3 Nbd7 6.Qc2 Bd6 7.Be2 O-O 8.O-O Qe7
9.h3 a6 10.c5 Bc7 11.e4 e5 12.exd5 Nxd5 13.Re1 exd4 14.Nxd5 cxd5 15.b4 Ne5
16.Nxd4 Nc6 17.Bb2 Qe5 18.Nf3 Qf4 19.Bd3 Bxh3 20.gxh3 Qxf3 21.Bxh7+ Kh8 22.Qf5 Qxf5
23.Bxf5 Rad8 24.Rad1 d4 25.a3 Be5 26.a4 Bf6 27.b5 Ne5 28.Be4 axb5 29.axb5 Nc4
30.Ba1 Rc8 31.Bxd4 Nb2 32.Bxb2 Bxb2 33.c6 bxc6 34.bxc6 Rfe8 35.Bf5 Rxe1+
36.Rxe1 Bc3 37.Re4 Ra8 38.c7 g6 39.c8=Q+ Rxc8 40.Bxc8  1-0

[Event "Dov Porath mem"]
[Site "Givatayim"]
[Date "1997.??.??"]
[Round "7"]
[White "Golod, Vitali"]
[Black "Rabinovich, Alexander"]
[Result "1/2-1/2"]
[WhiteElo "2515"]
[BlackElo "2350"]

1.d4 d5 2.Nf3 Nf6 3.c4 c6 4.Nc3 e6 5.e3 Nbd7 6.Qc2 b6 7.cxd5 exd5 8.Bd3 Be7
9.O-O O-O 10.b3 Bb7 11.Bb2 Bd6 12.Rad1 Rc8 13.Rfe1 Re8 14.Qb1 Qc7 15.e4  1/2-1/2

[Event "Goetzis IM4"]
[Site "Goetzis"]
[Date "1997.??.??"]
[Round "7"]
[White "Dobosz, Henryk"]
[Black "Thoma, Robert"]
[Result "1/2-1/2"]
[WhiteElo "2395"]
[BlackElo "2300"]

1.d4 d5 2.c4 c6 3.Nc3 Nf6 4.e3 e6 5.Nf3 Nbd7 6.b3 Bd6 7.Bb2 O-O 8.Qc2 Qe7
9.Bd3 Re8 10.O-O e5 11.e4 dxc4 12.Bxc4 exd4  1/2-1/2

[Event "Excelsior Cup"]
[Site "Gothenborg"]
[Date "1997.??.??"]
[Round "1"]
[White "Ziegler, Ari"]
[Black "Hector, Jonny"]
[Result "1/2-1/2"]
[WhiteElo "2455"]
[BlackElo "2500"]

1.d4 d5 2.c4 c6 3.Nc3 Nf6 4.e3 e6 5.Nf3 Nbd7 6.Bd3 dxc4 7.Bxc4 b5 8.Bd3 a6
9.e4 c5 10.d5 c4 11.dxe6 Nc5 12.exf7+ Ke7 13.Bc2 Qxd1+ 14.Kxd1 Bb7 15.Be3 Ncxe4
16.Nxe4 Bxe4 17.Bxe4 Nxe4 18.Kc2 Kxf7 19.Rad1 Be7 20.Ne5+ Ke6 21.Nc6 Rhe8
22.Rhe1 Bf8 23.Bd4 Kf5 24.f3 Nf6 25.Ne5 Rac8 26.g4+ Ke6 27.f4 Nd5 28.f5+ Kd6
29.Bc3 a5 30.a3 Kc5 31.Bxa5 b4 32.Nd7+ Kc6 33.Nxf8 b3+ 34.Kd2 Rxe1 35.Rxe1 Rxf8
36.Re6+ Kc5 37.Ke1 c3 38.Bb4+ Kb5 39.Re5 Kc4 40.Rxd5 Re8+ 41.Kf2 Kxd5 42.Bxc3 Re7
43.f6 Rf7 44.g5 Ke4 45.Ke2 gxf6 46.gxf6 Rc7 47.a4 Rxc3 48.bxc3 b2 49.f7 b1=Q
50.f8=Q Qc2+ 51.Kf1 Qc1+ 52.Kg2  1/2-1/2

[Event "Graz op"]
[Site "Graz"]
[Date "1997.??.??"]
[Round "2"]
[White "Zifroni, Dov"]
[Black "Trabert, Bettina"]
[Result "1-0"]
[WhiteElo "2500"]
[BlackElo "2220"]

1.d4 d5 2.c4 e6 3.Nc3 c6 4.e3 Nf6 5.Nf3 Nbd7 6.Qc2 Bd6 7.Bd3 O-O 8.O-O e5
9.cxd5 cxd5 10.e4 dxe4 11.Nxe4 Nxe4 12.Bxe4 h6 13.Be3 exd4 14.Bh7+ Kh8 15.Bxd4 Nf6
16.Bf5 Bxf5 17.Qxf5 Qc8 18.Nh4 Be7 19.Rac1 Qxf5 20.Nxf5 Bd8 21.Rc3 Kh7 22.Rfc1 Nd5
23.Rb3 g6 24.Nd6 b6 25.Rd1 Nf4 26.Be5 Ne6 27.Rf3 f6 28.Bc3 f5 29.Re3 Nc5
30.Nb7 Bg5 31.Nxc5 Bxe3 32.Rd7+ Kg8 33.Rg7+ Kh8 34.Rxg6+ Kh7 35.Rg7+ Kh8
36.Rxa7+ Kg8 37.Rg7+ Kh8 38.Rg3+ Kh7 39.Ne6 Bxf2+ 40.Kxf2 Rg8 41.Rd3 Rxa2
42.Rd7+ Kg6 43.Nf4+ Kg5 44.Kg3 h5 45.Rd6 h4+ 46.Kf3 b5 47.Bd2 Rxb2 48.Nh3+  1-0

[Event "Graz op"]
[Site "Graz"]
[Date "1997.??.??"]
[Round "3"]
[White "Burmakin, Vladimir"]
[Black "Bawart, Markus"]
[Result "1-0"]
[WhiteElo "2550"]
[BlackElo "2325"]

1.d4 d5 2.Nf3 Nf6 3.c4 c6 4.Nc3 e6 5.e3 Nbd7 6.Qc2 Bd6 7.Be2 O-O 8.O-O Re8
9.Rd1 Qe7 10.e4 dxe4 11.Nxe4 Nxe4 12.Qxe4 e5 13.Bg5 f6 14.Be3 exd4 15.Qxe7 Bxe7
16.Nxd4 Bc5 17.a3 a5 18.Rd2 Ne5 19.Nc2 Bxe3 20.Nxe3 Be6 21.f4 Nd7 22.f5 Bf7
23.Rxd7 Rxe3 24.Bf1 Rb3 25.Rad1 Be8 26.Rc7 Rxb2 27.Re1 Kf8 28.Ree7 Rc8 29.Rxb7 Rxb7
30.Rxb7 c5 31.Kf2 Rd8 32.Rc7 Rd2+ 33.Ke3 Ra2 34.Rxc5 Rxa3+ 35.Bd3 Ke7 36.Rc7+ Bd7
37.Kd4 Ra2 38.Be4 Rd2+ 39.Kc5 Kd8 40.Ra7 a4 41.Bd5 Rb2 42.g4 g6 43.fxg6 hxg6
44.h4 f5 45.g5 f4 46.Kd6 Rb6+ 47.Ke5 Bc6 48.c5 Rb7 49.Ra8+ Kc7 50.Bxc6 Kxc6
51.Rxa4 f3 52.Rf4  1-0

[Event "Graz op"]
[Site "Graz"]
[Date "1997.??.??"]
[Round "8"]
[White "Veerman, Johan"]
[Black "Peisser, Manfred"]
[Result "1/2-1/2"]
[WhiteElo "2195"]
[BlackElo "2155"]

1.d4 d5 2.c4 c6 3.Nf3 Nf6 4.Nc3 e6 5.e3 Nbd7 6.Qc2 Bd6 7.Be2 O-O 8.O-O Re8
9.b3 b6 10.e4 dxe4 11.Nxe4 Nxe4 12.Qxe4 Bb7 13.Bf4 Bxf4 14.Qxf4 c5 15.Rad1 Qb8
16.Qh4 Qc7 17.dxc5  1/2-1/2

[Event "Graz op"]
[Site "Graz"]
[Date "1997.??.??"]
[Round "8"]
[White "Loebler, Heimo"]
[Black "Kelchner, Hans"]
[Result "1/2-1/2"]
[WhiteElo "2255"]
[BlackElo "2150"]

1.d4 d5 2.c4 c6 3.Nc3 Nf6 4.e3 e6 5.Nf3 Nbd7 6.Bd3 Be7 7.O-O O-O 8.b3 b6
9.Bb2 Bb7 10.e4 dxe4 11.Nxe4 c5 12.Qc2 Nxe4 13.Bxe4 Bxe4 14.Qxe4 Bf6 15.Rfd1 Qc7
16.Rd2 cxd4 17.Nxd4 Nc5 18.Qg4 a5 19.Nb5 Qe7 20.Bd4 Bxd4 21.Rxd4 Rfd8 22.Rad1 Rxd4
23.Qxd4 Kf8 24.h3 Rb8 25.Rd2 Rb7 26.Qe5 f6 27.Qh5 h6 28.Qh4 Rd7 29.Rxd7 Qxd7
30.Qg3 e5 31.Qf3 Qb7 32.Qf5 Qd7 33.Qf3 Qb7 34.Qe2 Qd7 35.Nc3 Qd4 36.Nd5 Ne6
37.Qe3 Qd1+ 38.Kh2 Nd4 39.Nxb6 Qc2 40.Nd7+ Ke7 41.Nc5 Qxa2 42.f4 Qa3 43.Nd3 Qxb3  1/2-1/2

[Event "Groningen op"]
[Site "Groningen"]
[Date "1997.??.??"]
[Round "6"]
[White "Nenashev, Alexander"]
[Black "Gurevich, Mikhail"]
[Result "1-0"]
[WhiteElo "2585"]
[BlackElo "2620"]

1.d4 d5 2.c4 c6 3.Nf3 Nf6 4.Nc3 e6 5.e3 Nbd7 6.Bd3 dxc4 7.Bxc4 b5 8.Bd3 Bb7
9.O-O Be7 10.e4 b4 11.Na4 c5 12.e5 Nd5 13.dxc5 Rc8 14.Bd2 O-O 15.a3 a5 16.Qb1 h6
17.Qe1 Bc6 18.Qe4 g6 19.Qg4 Kg7 20.axb4 Nxb4 21.Bb1 Bxf3 22.Qxf3 Nxc5 23.Rd1 Nxa4
24.Rxa4 Qc7 25.Be4 Rfd8 26.Raa1 Rxd2 27.Rxd2 Qxe5 28.Rad1 Rc7 29.g3 Na6 30.Rd7 Nc5
31.Rxc7 Qxc7 32.Bc2 Bf6 33.b3 h5 34.h4 Nd7 35.Qe2 Ne5 36.Be4 Qb6 37.Qc2 Ng4
38.Bxg6 fxg6 39.Rd7+ Kh6 40.Qd2+ g5 41.Qc2 Qxf2+ 42.Qxf2 Nxf2 43.hxg5+ Kxg5
44.Kxf2 Bc3 45.Kf3 Kf5 46.Rh7 Kg6 47.Rc7 Bb4 48.Rc8 Kf5 49.Rh8 Kg5 50.Ke4 Be1
51.Rg8+ Kf6 52.Kf3 Kf5 53.Rf8+ Kg5 54.Rb8 Kf5 55.Rb7 Bb4 56.Rf7+ Kg5 57.Rc7 Kf5
58.Rc4 Kg5 59.Rh4 Bd6 60.Rc4 Bb4 61.Rc6 Kf5 62.Rb6 Ke5 63.Rc6 Kf5 64.Rc7 Ke5
65.Rc4 Kf5 66.Rf4+ Kg5 67.Rf7 Kg6 68.Rb7 Kf5 69.Rb5+ e5 70.Rd5 Be1 71.Rd1 Bb4
72.Rh1 e4+ 73.Kf2 Ke5 74.Ke3 Bc5+ 75.Ke2 Kd4 76.Rxh5 Bb4 77.g4 Kc3 78.g5  1-0